| 000 | 00751nab a2200169 4500 | ||
|---|---|---|---|
| 999 |
_c372322 _d372322 |
||
| 001 | 90031 | ||
| 003 | OSt | ||
| 005 | 20230328120402.0 | ||
| 007 | tu | ||
| 008 | 110905s2000||||||| | ||
| 040 |
_aDE-2950 _cDE-2950 |
||
| 245 | 0 | 0 |
_aPendler zwischen Wissenschaft und Fantasie. _bMenschen. Viadrina-Professor Daniel Illger ist abseits des Uni-Alltags in Frankfurt (Oder) ein preisgekrönter Romanautor. Der organisatorischen Herausforderung begegnet der Neu-Frankfurter mit seiner Leidenschaft für beide Berufe / _cSelim Pekel |
| 264 | _c2023 | ||
| 653 | _aIllger, Daniel; Filmwissenschaftler, Autor, Professor Europa-Universität Viadrina, 1977- | ||
| 773 | 0 |
_g34. Jahrgang (2023) Nr. 70, 23.03.2023, S. 15: mit Foto _tMärkische Oderzeitung |
|
| 942 |
_2z _cA |
||